| 000 | 00851nam a22002657a 4500 | ||
|---|---|---|---|
| 999 |
_c8716 _d8716 |
||
| 003 | AR-CdUCM | ||
| 008 | 190325b ||||| |||| 00| 0 spa d | ||
| 040 |
_aMUNICIPALIDAD PROVINCIAL DEL CUSCO _cBIBLIOTECA MUNICIPAL DEL CUSCO |
||
| 082 |
_22ed. _a636.0891 / _bN55 |
||
| 100 |
_aNielesen, Schmidt _924334 |
||
| 245 | _aFisiologĂa Animal / | ||
| 260 |
_aMexico : _bUnion Tipografica Editorial Hispano Americana, _c1965. |
||
| 300 |
_aIX, 201 paginas ; _bilustraciones, graficos, _c18 cm. |
||
| 440 |
_aManuales Uteha _n249 _924335 |
||
| 500 | _aCiencias Naturales | ||
| 650 |
_aCiencias Naturales _910176 |
||
| 650 |
_aTecnologia _91571 |
||
| 650 |
_aOxigeno _924336 |
||
| 650 |
_aTemperatura _93339 |
||
| 650 |
_aAgua _919441 |
||
| 650 |
_aMovimientos _914998 |
||
| 700 |
_aColon Manrique, Julio _919845 |
||
| 942 |
_2ddc _cLIBROS |
||
| 945 | _apjha | ||